000 00672nam a2200253Ia 4500
003 OSt
005 20220918163307.0
006 a|||||r|||| 00| 0
007 ta
008 220917b |||||||| |||| 00| 0 eng d
020 _a0 521 26319 0
024 _a248,046
037 _cTextual
040 _aARTS
_cARTS
_beng
041 _2eng
_aeng
082 _aX5:5v1, M4
100 _aCurtin Philio D.
_912517
245 0 _aCross-culture trade in world history
260 _aLondon
_bCambridge University Press U K
_c1984
300 _a293p.
_ccm.
650 _aECONOMICS
942 _hX5:5v1, M4
_cTEXL
_2CC
999 _c118952
_d118952